00662nam a2200181Ia 4500001000900000003000500009008004100014010001100055040000900066100003000075245013600105260007600241300001000317410003200327650002700359700002600386710006800412Para_569CHAP220125s1994 xx 000 0 und d a199329 cCHAP aMedina Urrutia, Victor M. aElevado retorno de capital con altas densidades de plantación en limón /c por Victor M. Medina Urrutia y Juan Valdez Verduzco aColima, Col. :b INIFAP. Centro de Investigaciones del Pacifico Centro a14 p. aFolleto para productores; 1 aLimón x rendimiento aValdez Verduzco, Juan aINIFAP. México. Centro de Investigaciones del Pacifico Centro